Albums musicaux les plus vendus au monde - Statistiques

Statistiques générales
  • Ce quiz a été pris 174 fois
    117 depuis la dernière actualisation
  • Le résultat moyen est 10 sur 34
Statistiques - réponses
Artiste(s) Année Copies vendues Titre de l'album % Correct
Michael Jackson 1982 51 à 65 millions Thriller
97%
Eagles 1977 32 millions Hotel California
70%
AC/DC 1980 50 millions Back in Black
65%
Pink Floyd 1973 45 à 50 millions The Dark Side of the Moon
63%
Michael Jackson 1987 30 à 45 millions Bad
62%
Nirvana 1991 30 millions Nevermind
59%
Adele 2011 35 millions 21
56%
Pink Floyd 1979 30 millions The Wall
56%
The Beatles 1969 30 millions Abbey Road
49%
The Beatles 1967 32 millions Sgt. Pepper's Lonely Hearts Club Band
38%
The Beatles 2000 31 à 32 millions 1
35%
Led Zeppelin 1971 37 millions Led Zeppelin IV
33%
Bruce Springsteen 1984 30 millions Born in the U.S.A.
30%
Metallica 1991 30 millions Metallica
29%
Whitney Houston, Kenny G, Lisa Stansfield, The S.O.U.L. S.Y.S.T.E.M., Curtis Stigers, Alan Silvestri, Joe Cocker, Sass Jordan 1992 44 à 45 millions The Bodyguard: Original Soundtrack Album
29%
Bee Gees, Yvonne Elliman, Walter Murphy, Tavares, David Shire, Ralph McDonald, Kool & The Gang, KC and the Sunshine Band, M.S.F.B., The Trammps 1977 40 millions Saturday Night Fever: The Original Movie Sound Track
28%
Michael Jackson 1991 30 à 32 millions Dangerous
27%
Dire Straits 1985 30 millions Brothers in Arms
25%
Fleetwood Mac 1977 40 millions Rumours
25%
Guns N' Roses 1987 30 millions Appetite for Destruction
24%
Britney Spears 1999 28 à 30 millions ...Baby One More Time
23%
Bill Medley, Jennifer Warnes, The Ronettes, Patrick Swayze, Eric Carmen, Maurice Williams and the Zodiacs, Merry Clayton, The Blow Monkeys, Bruce Channel, Alfie Zappacosta, Mickey & Sylvia, Tom Johnston, The Five Satins 1987 32 millions Dirty Dancing
23%
James Horner 1997 30 millions Titanic : Music from the Motion Picture
19%
Elton John 1973 30 à 31 millions Goodbye Yellow Brick Road
14%
Eagles 1976 42 millions Their Greatest Hits (1971–1975)
13%
Bon Jovi 1986 28 millions Slippery When Wet
11%
Alanis Morissette 1995 33 millions Jagged Little Pill
8%
Meat Loaf 1977 43 millions Bat Out of Hell
7%
Mariah Carey 1993 32 millions Music Box
6%
Céline Dion 1997 31 millions Let's Talk About Love
5%
Shania Twain 1997 39 millions Come On Over
4%
Céline Dion 1996 32 millions Falling into You
4%
Madonna 1990 30 millions The Immaculate Collection
4%
Kenny Rogers 1978 30 à 35 millions The Gambler
0%
Aucun quiz correspondant
Distribution des résultats
% des personnes avec chaque résultat
Percentile par nombre de réponses
Votre historique - résultats
Vous n’avez pas pris ce quiz depuis la dernière actualisation